000
00345nam a2200145Ia 4500
008
230718s9999 xx 000 0 und d
041
_a
Eng.
082
_a
344.012
_b
AND-C
100
_a
Andrews G.C, Peter
245
0
_a
Catastrophic injuries
260
_a
Pakistan
_b
Sweet and men well
_c
1987
300
_a
245
650
_a
Law
999
_c
26740
_d
26740